Redacción avanzada : (Record no. 24016)
[ view plain ]
| 000 -CABECERA | |
|---|---|
| campo de control de longitud fija | 00883cam a2200253 a 4500 |
| 001 - NÚMERO DE CONTROL | |
| campo de control | 000024523 |
| 005 - FECHA Y HORA DE LA ÚLTIMA TRANSACCIÓN | |
| campo de control | 20200930023223.0 |
| 008 - DATOS DE LONGITUD FIJA--INFORMACIÓN GENERAL | |
| campo de control de longitud fija | 850726s1998 mx a 000 | spa d |
| 020 ## - NÚMERO INTERNACIONAL ESTÁNDAR DEL LIBRO | |
| ISBN cancelado o inválido | 968444253X |
| 040 ## - FUENTE DE LA CATALOGACIÓN | |
| Centro catalogador/agencia de origen | DO-SdBNP |
| Lengua de catalogación | spa |
| Centro/agencia transcriptor | BNPHU |
| 082 ## - NÚMERO DE LA CLASIFICACIÓN DECIMAL DEWEY | |
| Número de clasificación | 468 |
| Número de documento/Ítem | Ch512r, 1998 |
| 049 ## - FONDOS LOCALES (OCLC) | |
| Fondos de biblioteca | BNGR |
| 100 1# - ENTRADA PRINCIPAL--NOMBRE DE PERSONA | |
| Nombre de persona | Chávez Pérez, Fidel |
| 9 (RLIN) | 50250 |
| 245 13 - MENCIÓN DE TÍTULO | |
| Título | Redacción avanzada : |
| Resto del título | un enfoque lingüístico / |
| Mención de responsabilidad, etc. | Fidel Chávez Pérez; edición Claudio Ceja. |
| 250 ## - MENCIÓN DE EDICIÓN | |
| Mención de edición | 2a ed. Actualizada |
| 260 ## - PUBLICACIÓN, DISTRIBUCIÓN, ETC. | |
| Lugar de publicación, distribución, etc. | México, D. F. : |
| Nombre del editor, distribuidor, etc. | Addison Wesley Longman, |
| Fecha de publicación, distribución, etc. | 1998. |
| 300 ## - DESCRIPCIÓN FÍSICA | |
| Extensión | 343 p. : |
| Otras características físicas | il. ; |
| Dimensiones | 27 cm. |
| 504 ## - NOTA DE BIBLIOGRAFÍA, ETC. | |
| Nota de bibliografía, etc. | Incluye referencias bibliográficas : p. 341-343 |
| 500 ## - NOTA GENERAL | |
| Nota general | Incluye referencias de textos |
| 650 #4 - PUNTO DE ACCESO ADICIONAL DE MATERIA--TÉRMINO DE MATERIA | |
| Término de materia o nombre geográfico como elemento de entrada | Idioma español |
| Subdivisión general | Estilo |
| 9 (RLIN) | 15556 |
| 650 #4 - PUNTO DE ACCESO ADICIONAL DE MATERIA--TÉRMINO DE MATERIA | |
| Término de materia o nombre geográfico como elemento de entrada | Idioma español |
| Subdivisión general | Retórica |
| 9 (RLIN) | 50251 |
| 650 #4 - PUNTO DE ACCESO ADICIONAL DE MATERIA--TÉRMINO DE MATERIA | |
| Término de materia o nombre geográfico como elemento de entrada | Español |
| Subdivisión general | Composición y ejercicios |
| 9 (RLIN) | 1362 |
| 700 1# - PUNTO DE ACCESO ADICIONAL--NOMBRE DE PERSONA | |
| Nombre de persona | Ceja, Claudio |
| Término indicativo de función/relación | ed. |
| 9 (RLIN) | 50252 |
| Estado de retiro | Estado de pérdida | Restricciones de uso | No para préstamo | Código de colección | Localización permanente | Ubicación/localización actual | Ubicación en estantería | Fecha de adquisición | Número de inventario | Total de préstamos | Signatura topográfica completa | Código de barras | Fecha visto por última vez | Precio válido a partir de | Tipo de ítem Koha |
|---|---|---|---|---|---|---|---|---|---|---|---|---|---|---|---|
| Monografías: Libros y Folletos | General | General | En catalogación | 28.01.2011 | LF1 | 468 Ch512r, 1998 | 24523-10 | 25.06.2020 | 25.06.2020 | Préstamo en sala |
